[Event "LUX-ch U18"]
[Site "Bonnevoie"]
[Date "2000.02.26"]
[Round "1"]
[White "Kirsch, Fabienne"]
[Black "Fage, Brian"]
[Result "0-1"]
[WhiteElo "1350"]
[BlackElo "1737"]
[PlyCount "44"]
[EventDate "2000.02.26"]
[EventType "swiss"]
[EventRounds "7"]
[EventCountry "LUX"]
[SourceTitle "EXT 2005"]
[Source "ChessBase"]
[SourceDate "2004.11.15"]
[SourceVersion "1"]
[SourceVersionDate "2004.11.15"]
[SourceQuality "1"]

1. e4 e5 2. Nf3 Nf6 3. Bd3 Nc6 4. 0-0 Bc5 5. Nc3 d6 6. a3 Bg4 7. b4 Bb6 8. Bb5 0-0 9. h3 Bxf3 10. Qxf3 Nd4 11. Qd3 c6 12. Bc4 Nh5 13. Ne2 Nxe2+ 14. Qxe2 Ng3 15. Qe1 Nxf1 16. Bxf1 f5 17. Bd3 fxe4 18. Qxe4 Bxf2+ 19. Kf1 Qh4 20. g4 Bd4+ 21. Qf5 Rxf5+ 22. Bxf5 Qf2# 0-1